000 00279nam a2200097Ia 4500
001 1094346
005 20250827002954.0
008 250824s9999 xx 000 0 und d
245 0 _aİSMAİL GASPIRALI VE RUSYA TÜRKLERİNDE MİLLİ UYANIŞ
_cSELÇUK TÜRKYILMAZ
260 _bKETEBE
999 _c1094346
_d1094346